[Event "24.Offene Herner Stadtmeisterschaft 2023"]
[Site "Herne"]
[Date "2023.02.06"]
[Round "2.28"]
[White "Schmitz, Christopher"]
[Black "Kamper, Marco"]
[Result "0-1"]
[WhiteElo "1362"]
[BlackElo "1606"]
[PlyCount "40"]
[SourceDate "2023.02.12"]

1. e4 c6 2. Nc3 d5 3. Nf3 d4 4. Nb1 Bg4 5. Bc4 e6 6. O-O Nd7 7. Be2 Bxf3 8. Bxf3 Bd6 9. b3 Qc7 10. g3 Ngf6 11. a4 h5 12. d3 h4 13. Bg2 hxg3 14. fxg3 O-O-O 15. Bf4 Bxf4 16. Rxf4 Ne5 17. Bf3 g5 18. Rxf6 Qe7 19. Rxf7 Qxf7 20. Nd2 Rdf8 0-1

[Event "24.Offene Herner Stadtmeisterschaft 2023"]
[Site "Herne"]
[Date "2023.02.06"]
[Round "2.29"]
[White "Deutschmann, Jürgen"]
[Black "Scheithauer, Ralf"]
[Result "1-0"]
[WhiteElo "1603"]
[BlackElo "1368"]
[PlyCount "85"]
[SourceDate "2023.02.12"]

1. d4 Nf6 2. Nc3 d5 3. Bf4 a6 4. e3 Nc6 5. h3 h6 6. Nf3 Bf5 7. g4 Be4 8. a3 e6 9. Nxe4 Nxe4 10. Bg2 Bd6 11. Ne5 Nf6 12. c4 Bxe5 13. dxe5 Nd7 14. cxd5 Ncxe5 15. dxe6 fxe6 16. Qb3 Qf6 17. O-O Rb8 18. Qc3 c6 19. Rfd1 Rd8 20. Kh1 O-O 21. Qb3 Rb8 22. Rd6 Rfe8 23. Rad1 Re7 24. Qc3 Rf8 25. Bg3 Rff7 26. f4 Ng6 27. Qxf6 gxf6 28. Be4 Kg7 29. Bb1 Ngf8 30. Ba2 Nc5 31. Bb1 Rd7 32. b4 Rxd6 33. Rxd6 Rd7 34. bxc5 Re7 35. e4 Nd7 36. Bf2 Kf7 37. Kg2 Nf8 38. Ba2 Ng6 39. f5 Nf4+ 40. Kh2 Ne2 41. Bxe6+ Ke8 42. Be3 Rh7 43. Rd3 1-0

[Event "24.Offene Herner Stadtmeisterschaft 2023"]
[Site "Herne"]
[Date "2023.02.06"]
[Round "2.30"]
[White "Kümmel, Hans-Jürgen"]
[Black "Nizak, Bodo"]
[Result "1-0"]
[WhiteElo "1329"]
[BlackElo "1602"]
[PlyCount "93"]
[SourceDate "2023.02.12"]

1. Nf3 d5 2. e3 Nc6 3. d4 Bf5 4. c3 e6 5. Be2 Bd6 6. Nbd2 Nf6 7. O-O O-O 8. Re1 Ne4 9. Nf1 Bg6 10. Ng3 f5 11. c4 b6 12. a3 a5 13. Bd2 h5 14. Rc1 h4 15. Nf1 Na7 16. Ne5 Qg5 17. f4 Qh6 18. Bf3 Rad8 19. Qe2 Rf6 20. g4 hxg3 21. Nxg3 Nxg3 22. hxg3 Be8 23. Qg2 Qh7 24. Kf2 Bxe5 25. dxe5 Rh6 26. Rh1 dxc4 27. Bc3 Nb5 28. Rxh6 gxh6 29. Rd1 Rd3 30. Rxd3 cxd3 31. Bd2 Qe7 32. Qf1 Qd8 33. Qc1 c5 34. Qc4 Qc8 35. Bg2 Qd7 36. Bf1 Na7 37. a4 Qxa4 38. Qxe6+ Bf7 39. Qd6 Qd1 40. Qxd3 Bc4 41. Qxc4+ Kg7 42. Qc1 Qb3 43. Qc3 Qe6 44. Bc4 Qe7 45. Qd3 Nc8 46. Qxf5 Na7 47. Bd3 1-0

[Event "24.Offene Herner Stadtmeisterschaft 2023"]
[Site "Herne"]
[Date "2023.02.06"]
[Round "2.31"]
[White "Mücke, Lukas"]
[Black "Ehm, Christian"]
[Result "1-0"]
[WhiteElo "1599"]
[BlackElo "1345"]
[PlyCount "77"]
[SourceDate "2023.02.12"]

1. e4 e6 2. d4 d5 3. exd5 exd5 4. Bd3 Bd6 5. Nf3 Ne7 6. O-O O-O 7. Bg5 f6 8. Bh4 Bf5 9. Bg3 Bxd3 10. Qxd3 Bxg3 11. hxg3 Nd7 12. Nbd2 c6 13. Kh2 Rf7 14. Rh1 g6 15. Rae1 Qf8 16. Nf1 c5 17. Qb5 Rd8 18. dxc5 a6 19. Qxb7 Nxc5 20. Qb6 Ne4 21. Kg1 Rb8 22. Qxa6 Rxb2 23. Ne3 Qb8 24. a4 Nf5 25. Nxf5 gxf5 26. Qd3 Qd6 27. Nd2 Rc7 28. Nxe4 fxe4 29. Rxe4 Rcxc2 30. Rg4+ Kf7 31. Rxh7+ Ke6 32. Qe3+ Qe5 33. Qxe5+ Kxe5 34. Rf4 Rb8 35. Rh5+ Ke6 36. g4 Ra8 37. Rhf5 Rh8 38. Rxf6+ Ke7 39. g3 1-0

[Event "24.Offene Herner Stadtmeisterschaft 2023"]
[Site "Herne"]
[Date "2023.02.06"]
[Round "2.33"]
[White "Heiduk, Christopher"]
[Black "Oelmann, Barbara"]
[Result "1-0"]
[WhiteElo "1583"]
[BlackElo "762"]
[PlyCount "49"]
[SourceDate "2023.02.12"]

1. e4 e6 2. b3 Nf6 3. e5 Nd5 4. c4 Qg5 5. Nf3 Qe7 6. cxd5 exd5 7. Be2 c5 8. O-O Nc6 9. Bb2 d4 10. Re1 Qe6 11. Bc4 Qh6 12. Na3 a6 13. Bf1 b5 14. Nc2 Be7 15. b4 O-O 16. bxc5 Bxc5 17. Ncxd4 Nd8 18. Nb3 Bb6 19. d4 d6 20. Bc1 Qe6 21. d5 Qd7 22. Ba3 Bc7 23. Rc1 Re8 24. exd6 Bxd6 25. Rxe8+ 1-0

[Event "24.Offene Herner Stadtmeisterschaft 2023"]
[Site "?"]
[Date "2023.02.13"]
[Round "3.1"]
[White "Melmer, Felix"]
[Black "Koscielski, Janusz"]
[Result "0-1"]
[WhiteElo "2031"]
[BlackElo "2220"]
[PlyCount "60"]
[SourceVersionDate "2023.02.14"]

1. d4 Nf6 2. c4 g6 3. Nc3 Bg7 4. Nf3 O-O 5. e4 d6 6. Be2 e5 7. Be3 h6 8. Qc2 Ng4 9. h3 Nxe3 10. fxe3 Nd7 11. O-O-O c6 12. g4 a6 13. h4 b5 14. g5 h5 15. Bf1 Qa5 16. Kb1 exd4 17. exd4 Nb6 18. c5 dxc5 19. dxc5 Bg4 20. Rd3 Nc4 21. Nd4 Qc7 22. Bh3 Rad8 23. Nb3 Rxd3 24. Qxd3 Rd8 25. Qc2 Bxh3 26. Rxh3 Nxb2 27. Qxb2 b4 28. Qe2 bxc3 29. Rd3 Rxd3 30. Qxd3 Qh2 0-1

[Event "24.Offene Herner Stadtmeisterschaft 2023"]
[Site "Herne"]
[Date "2023.02.13"]
[Round "3.2"]
[White "Quast, Marcel"]
[Black "Althoff, Ralph"]
[Result "1-0"]
[WhiteElo "2218"]
[BlackElo "1976"]
[PlyCount "51"]
[SourceDate "2023.02.17"]

1. e4 c5 2. Nc3 e6 3. f4 Nc6 4. Nf3 Nge7 5. d4 cxd4 6. Nxd4 Nxd4 7. Qxd4 Nc6 8. Qf2 Qa5 9. Bd3 Bc5 10. Be3 Bxe3 11. Qxe3 O-O 12. e5 b6 13. Qe4 g6 14. O-O-O Bb7 15. h4 h5 16. Rhg1 Qc5 17. g4 hxg4 18. Rxg4 Rfb8 19. Rxg6+ fxg6 20. Qxg6+ Kf8 21. Qf6+ Kg8 22. Ne4 Qe3+ 23. Kb1 Nxe5 24. fxe5 Bxe4 25. Bxe4 Qg3 26. Bh7+ 1-0

[Event "24.Offene Herner Stadtmeisterschaft 2023"]
[Site "Herne"]
[Date "2023.02.13"]
[Round "3.3"]
[White "Radi, Günter"]
[Black "Kiese, Matthias"]
[Result "0-1"]
[WhiteElo "1837"]
[BlackElo "2149"]
[PlyCount "74"]
[SourceDate "2023.02.17"]

1. d4 d5 2. c4 e6 3. Nc3 Nf6 4. Nf3 Nbd7 5. e3 Be7 6. Bd3 O-O 7. O-O dxc4 8. Bxc4 a6 9. a4 c5 10. dxc5 Nxc5 11. Qxd8 Rxd8 12. b3 b6 13. Ba3 Bb7 14. Rfd1 Kf8 15. Bxc5 Bxc5 16. Rxd8+ Rxd8 17. Rd1 Rxd1+ 18. Nxd1 Ne4 19. Bd3 Ke7 20. Kf1 h5 21. Ke2 Bb4 22. Bc4 Nd6 23. Bd3 a5 24. Nb2 Bc3 25. Nc4 Nxc4 26. Bxc4 Bf6 27. Ne1 g5 28. f3 Be5 29. h3 f5 30. g4 h4 31. Nd3 Bg3 32. Nf2 Kd6 33. gxf5 exf5 34. Bd3 Bc8 35. Nh1 f4 36. e4 Bxh3 37. Nf2 Bg2 0-1

[Event "24.Offene Herner Stadtmeisterschaft 2023"]
[Site "?"]
[Date "2023.02.13"]
[Round "3.4"]
[White "Waldschmidt, Georg"]
[Black "Wiechen, Ulrich"]
[Result "1-0"]
[WhiteElo "2135"]
[BlackElo "1941"]
[PlyCount "49"]
[SourceVersionDate "2023.02.14"]

1. e4 e5 2. Nf3 Nc6 3. Nc3 g6 4. d4 exd4 5. Nxd4 Bg7 6. Be3 Nge7 7. Qd2 O-O 8. O-O-O Nxd4 9. Bxd4 Bxd4 10. Qxd4 Nc6 11. Qd2 d6 12. h4 Be6 13. h5 g5 14. f3 h6 15. g3 Qf6 16. f4 Ne7 17. Bd3 c6 18. e5 dxe5 19. Ne4 Qg7 20. fxg5 f5 21. gxf6 Rxf6 22. Nxf6+ Qxf6 23. Rde1 c5 24. Bg6 Kg7 25. Rhf1 1-0

[Event "24.Offene Herner Stadtmeisterschaft 2023"]
[Site "Herne"]
[Date "2023.02.13"]
[Round "3.5"]
[White "Hammerich, Simon"]
[Black "Cobanoglu, Ferhat"]
[Result "0-1"]
[WhiteElo "2092"]
[BlackElo "1911"]
[PlyCount "128"]
[SourceDate "2023.02.17"]

1. d4 d6 2. Nf3 Nf6 3. c4 c5 4. d5 g6 5. Nc3 Bg7 6. Nd2 O-O 7. e4 e6 8. Be2 exd5 9. exd5 Na6 10. O-O Bf5 11. g4 Bc8 12. f4 Ne8 13. Kg2 f5 14. g5 Nac7 15. Nf3 Bd7 16. Bd2 b6 17. h4 Qe7 18. Re1 Qf7 19. a4 a6 20. Qc2 Rb8 21. Rad1 Na8 22. b3 Nec7 23. Rh1 b5 24. a5 Rfe8 25. Ng1 Bd4 26. Bf3 bxc4 27. bxc4 Rb4 28. Qd3 Rb2 29. Nge2 Bg7 30. h5 Reb8 31. h6 Bh8 32. Rb1 Qe8 33. Rxb2 Rxb2 34. Nd1 Rb8 35. Re1 Qd8 36. Ng3 Ba4 37. Nc3 Bb3 38. Bd1 Qd7 39. Bxb3 Rxb3 40. Qc2 Rb4 41. Qd3 Rb3 42. Nge2 Rb2 43. Kg3 Ne8 44. Ng1 Nac7 45. Nf3 Rb3 46. Qc2 Rb4 47. Qd3 Rb3 48. Re3 Kf8 49. Qe2 Bd4 50. Rd3 Bh8 51. Nd1 Qa4 52. Ne3 Qa3 53. Ne1 Qa2 54. Nd1 Qb1 55. Kg2 Bd4 56. Bc3 Bxc3 57. Nxc3 Qb2 58. Qxb2 Rxb2+ 59. Kf3 Rb4 60. Nc2 Rxc4 61. Ne3 Rb4 62. Nc2 Rb3 63. Ke2 Nb5 64. Nxb5 Rxb5 0-1

[Event "24.Offene Herner Stadtmeisterschaft 2023"]
[Site "?"]
[Date "2023.02.13"]
[Round "3.6"]
[White "Schulze-Schwerin, Philipp"]
[Black "Gausmann, Thomas"]
[Result "1-0"]
[WhiteElo "2037"]
[BlackElo "1741"]
[PlyCount "41"]
[SourceVersionDate "2023.02.14"]

1. d4 d5 2. Nf3 Nf6 3. g3 e6 4. Bg2 Be7 5. O-O O-O 6. c4 dxc4 7. Qc2 c5 8. Rd1 Qb6 9. Nbd2 cxd4 10. Nxc4 Qc5 11. b3 Nc6 12. Ba3 Nb4 13. Qb2 Rd8 14. Nxd4 Qh5 15. Nf3 Bd7 16. Nfe5 Rab8 17. Rd2 b5 18. Nd6 Nfd5 19. Bf3 Qh3 20. Bg4 Qh6 21. Nexf7 1-0

[Event "24.Offene Herner Stadtmeisterschaft 2023"]
[Site "Herne"]
[Date "2023.02.13"]
[Round "3.7"]
[White "Koch, Burkhard"]
[Black "Trzaska, Peter"]
[Result "0-1"]
[WhiteElo "1765"]
[BlackElo "2036"]
[PlyCount "74"]
[SourceDate "2023.02.17"]

1. e4 c6 2. d4 d5 3. exd5 cxd5 4. Bd3 g6 5. c3 Bg7 6. Bf4 Nc6 7. Nf3 Nf6 8. Nbd2 O-O 9. O-O Bf5 10. Bxf5 gxf5 11. Ne5 Ne4 12. Ndf3 Nxe5 13. dxe5 e6 14. Nd4 Qb6 15. Qe2 a6 16. f3 Nc5 17. g4 fxg4 18. b4 Nd7 19. Kh1 Qc7 20. Qe3 Kh8 21. Rfe1 Rac8 22. Rac1 Nb6 23. fxg4 Nc4 24. Qg3 Rce8 25. g5 Rg8 26. h4 a5 27. a4 axb4 28. cxb4 Bf8 29. b5 Qb6 30. Qd3 Bc5 31. Nb3 Bf2 32. a5 Qxb5 33. Re2 Ba7 34. Qf3 Qd7 35. Be3 Bxe3 36. Qf6+ Rg7 37. h5 Bxg5 0-1

[Event "24.Offene Herner Stadtmeisterschaft 2023"]
[Site "Herne"]
[Date "2023.02.13"]
[Round "3.8"]
[White "Dunsche, Daniel"]
[Black "Schicktanz, Florian"]
[Result "1-0"]
[WhiteElo "1959"]
[BlackElo "1731"]
[PlyCount "67"]
[SourceDate "2023.02.17"]

1. d4 f5 2. c4 Nf6 3. Nf3 e6 4. g3 b6 5. Bg2 Bb7 6. O-O Be7 7. Nc3 O-O 8. b3 Na6 9. Bb2 Ne4 10. d5 Nac5 11. dxe6 dxe6 12. Qc2 Bf6 13. Rad1 Qe7 14. Nb5 Bxb2 15. Qxb2 a6 16. Nbd4 Rad8 17. Ne5 Qf6 18. f4 Nd7 19. Ndf3 Ndc5 20. b4 Nd7 21. Qc2 Nxe5 22. Nxe5 Qe7 23. a3 Rxd1 24. Rxd1 Rd8 25. Rd3 Rxd3 26. exd3 Nd6 27. c5 bxc5 28. bxc5 Bxg2 29. cxd6 cxd6 30. Qc8+ Qf8 31. Qxe6+ Kh8 32. Nf7+ Kg8 33. Nxd6+ Kh8 34. Kxg2 1-0

[Event "24.Offene Herner Stadtmeisterschaft 2023"]
[Site "?"]
[Date "2023.02.13"]
[Round "3.9"]
[White "Nebel, Uwe"]
[Black "Dlouhy, Peter"]
[Result "1-0"]
[WhiteElo "1809"]
[BlackElo "1750"]
[PlyCount "50"]
[SourceVersionDate "2023.02.14"]

1. e4 d6 2. d4 Nf6 3. Nc3 g6 4. Nf3 Bg7 5. h3 c5 6. d5 Na6 7. Be2 O-O 8. O-O Rb8 9. Bf4 Bd7 10. e5 dxe5 11. Nxe5 Nc7 12. d6 Ne6 13. Nxd7 Nxf4 14. dxe7 Qxe7 15. Nxf8 Rxf8 16. Bf3 Nd7 17. Nd5 Nxd5 18. Qxd5 Ne5 19. Rad1 Qf6 20. Be4 Qf4 21. g3 Qf6 22. f4 Nc6 23. c3 Re8 24. Rfe1 h5 25. Qxc5 Ne7 1-0

[Event "24.Offene Herner Stadtmeisterschaft 2023"]
[Site "?"]
[Date "2023.02.13"]
[Round "3.10"]
[White "Mayeres, Hans-Christian"]
[Black "Lang, Daniel"]
[Result "0-1"]
[WhiteElo "1763"]
[BlackElo "2116"]
[PlyCount "64"]
[SourceVersionDate "2023.02.14"]

1. c4 Nf6 2. g3 e6 3. Bg2 d5 4. Nf3 Be7 5. O-O O-O 6. d3 b6 7. Nbd2 Bb7 8. b3 c5 9. Ne5 Qc7 10. Bb2 Bd6 11. f4 Nbd7 12. d4 Rad8 13. Rc1 dxc4 14. Bxb7 Qxb7 15. Ndxc4 Bc7 16. e3 b5 17. Nxd7 Nxd7 18. Ne5 Nxe5 19. fxe5 cxd4 20. exd4 Bxe5 21. Qg4 Qb6 22. Rc5 f5 23. Qh4 Bf6 24. Qf4 Rf7 25. Re5 Bxe5 26. Qxe5 Rd5 27. Qe2 e5 28. Qd3 e4 29. Qe3 b4 30. Kg2 Qa6 31. Ra1 Rc7 32. Qd2 Qd3 0-1

[Event "24.Offene Herner Stadtmeisterschaft 2023"]
[Site "Herne"]
[Date "2023.02.13"]
[Round "3.11"]
[White "Ewers, Christian"]
[Black "Winterkamp, Sascha"]
[Result "0-1"]
[WhiteElo "1762"]
[BlackElo "1934"]
[PlyCount "100"]
[SourceDate "2023.02.17"]

1. e4 c5 2. Nf3 d6 3. h3 Nf6 4. Nc3 a6 5. d3 Nc6 6. g3 g6 7. Bg2 Bg7 8. O-O Rb8 9. d4 cxd4 10. Nxd4 Nxd4 11. Qxd4 O-O 12. Qe3 Nd7 13. Nd5 e6 14. Nf4 Qc7 15. c3 Nb6 16. Rb1 Nc4 17. Qe2 b5 18. b3 Nb6 19. Ba3 Rd8 20. Rbc1 Nd7 21. c4 b4 22. Bb2 Ne5 23. Rfd1 Bb7 24. Nd3 Qa5 25. Nxe5 dxe5 26. Qc2 Qc5 27. Rxd8+ Rxd8 28. Rd1 Bf6 29. Bc1 Rxd1+ 30. Qxd1 Qd4 31. Qxd4 exd4 32. a3 d3 33. axb4 Bc3 34. Ba3 d2 35. Bf3 Bxe4 36. Bd1 f5 37. b5 axb5 38. cxb5 e5 39. Bd6 Kf7 40. Bc5 Ke6 41. f3 Bb7 42. Kf2 Kd5 43. Bb6 Bd4+ 44. Bxd4 Kxd4 45. Ke2 Kc3 46. Ke3 g5 47. b6 f4+ 48. gxf4 gxf4+ 49. Ke2 Ba6+ 50. Kf2 Kb2 0-1

[Event "24.Offene Herner Stadtmeisterschaft 2023"]
[Site "?"]
[Date "2023.02.13"]
[Round "3.12"]
[White "Pinno, Gregor"]
[Black "Tolksdorf, Jürgen"]
[Result "1-0"]
[WhiteElo "1911"]
[BlackElo "1666"]
[PlyCount "77"]
[SourceVersionDate "2023.02.14"]

1. e4 b6 2. d3 Bb7 3. Nf3 Nc6 4. g3 e6 5. Bg2 Nf6 6. O-O Qe7 7. c3 O-O-O 8. b4 d5 9. e5 Nd7 10. d4 f6 11. Re1 h6 12. a4 g5 13. a5 Bg7 14. axb6 axb6 15. b5 Na5 16. exf6 Bxf6 17. Bh3 Nf8 18. Ba3 Qf7 19. Bxf8 Qxf8 20. Rxe6 Kb8 21. Re1 Qg7 22. Nfd2 h5 23. Na3 g4 24. Bg2 h4 25. Nb3 hxg3 26. hxg3 Nc4 27. Nxc4 dxc4 28. Bxb7 Kxb7 29. Qc2 Qh7 30. Qxh7 Rxh7 31. Nd2 Rdh8 32. Nf1 Bg5 33. Ra2 Ra8 34. Rxa8 Kxa8 35. Re4 Bd8 36. Rxg4 Rh5 37. Rg8 Rd5 38. Ne3 Rd7 39. Nxc4 1-0

[Event "24.Offene Herner Stadtmeisterschaft 2023"]
[Site "Herne"]
[Date "2023.02.13"]
[Round "3.13"]
[White "Rohloff, Markus"]
[Black "Foltin, Alica"]
[Result "1-0"]
[WhiteElo "1881"]
[BlackElo "1623"]
[PlyCount "55"]
[SourceDate "2023.02.17"]

1. e4 d6 2. d4 Nf6 3. Bd3 Nbd7 4. f4 e5 5. c3 Be7 6. Nf3 exd4 7. cxd4 c5 8. d5 c4 9. Bc2 Nc5 10. Nc3 b5 11. O-O b4 12. e5 bxc3 13. exf6 Bxf6 14. Re1+ Kf8 15. Nd4 cxb2 16. Bxb2 Bb7 17. Nc6 Bxc6 18. Bxf6 Qxf6 19. dxc6 Qxf4 20. Qd5 g6 21. Rad1 Kg7 22. Rd4 Qf6 23. Qxc4 Rac8 24. Rf4 d5 25. Qf1 Qxc6 26. Rxf7+ Kg8 27. Ree7 Ne6 28. Rg7+ 1-0

[Event "24.Offene Herner Stadtmeisterschaft 2023"]
[Site "Herne"]
[Date "2023.02.13"]
[Round "3.14"]
[White "Kleinert, Andreas"]
[Black "Schmidt, Ralph"]
[Result "1/2-1/2"]
[WhiteElo "1749"]
[BlackElo "1873"]
[PlyCount "120"]
[SourceDate "2023.02.17"]

1. c4 c5 2. g3 Nc6 3. Bg2 b6 4. Nc3 Bb7 5. e4 Nf6 6. Nge2 e6 7. O-O d6 8. d3 Be7 9. f4 Qd7 10. h3 h6 11. Be3 Nh7 12. d4 cxd4 13. Nxd4 Nxd4 14. Bxd4 Bf6 15. Rc1 O-O 16. Rf2 Rfd8 17. Rd2 Bc6 18. Qe2 Qc7 19. Rcd1 Rac8 20. Kh2 Be8 21. b3 Bc6 22. Rd3 Be7 23. e5 dxe5 24. Bxe5 Qb7 25. Bxc6 Qxc6 26. Nb5 Qb7 27. Bd6 a6 28. Bxe7 Rxd3 29. Qxd3 axb5 30. Qd7 Qxd7 31. Rxd7 bxc4 32. bxc4 Nf6 33. Rd8+ Rxd8 34. Bxd8 Nd7 35. Be7 f6 36. Kg2 Kf7 37. Bb4 Ke8 38. Kf3 Kd8 39. Ke3 Kc7 40. Kd4 h5 41. g4 hxg4 42. hxg4 e5+ 43. Ke4 exf4 44. Kxf4 Ne5 45. Kf5 Nxc4 46. Bf8 Ne3+ 47. Kf4 Nxg4 48. Kxg4 g6 49. Bg7 f5+ 50. Kg5 Kd6 51. Kf4 Kd5 52. a3 b5 53. Bf6 Kd6 54. Bd8 Kd7 55. Ba5 Ke6 56. Kg5 Kd5 57. Bc7 Ke4 58. Kxg6 f4 59. Kf6 f3 60. Bb6 Kd5 1/2-1/2

[Event "24.Offene Herner Stadtmeisterschaft 2023"]
[Site "Herne"]
[Date "2023.02.13"]
[Round "3.15"]
[White "Müller-Kreth, Kai"]
[Black "Funke, Eckhard"]
[Result "1/2-1/2"]
[WhiteElo "1732"]
[BlackElo "1868"]
[PlyCount "152"]
[SourceDate "2023.02.17"]

1. c4 Nf6 2. Nc3 e6 3. g3 d5 4. Bg2 c6 5. cxd5 exd5 6. d3 Be7 7. e3 O-O 8. h3 d4 9. exd4 Qxd4 10. Nge2 Qd8 11. O-O Nbd7 12. d4 Nb6 13. Re1 Bf5 14. g4 Be6 15. Nf4 Bd5 16. Nfxd5 Nbxd5 17. Bg5 Nxc3 18. bxc3 Nd5 19. Bxe7 Nxe7 20. Qb3 Qc7 21. Re2 Ng6 22. Rae1 Rad8 23. Re3 h6 24. Be4 Nf4 25. Qc4 Qd6 26. Qb3 b6 27. Qc4 Nd5 28. Bxd5 cxd5 29. Qb5 Qd7 30. a4 Qxb5 31. axb5 Rd7 32. Re7 Rxe7 33. Rxe7 Rc8 34. Rxa7 Rxc3 35. Rd7 Rxh3 36. Rxd5 Kf8 37. Rd6 Rd3 38. Rxb6 Rxd4 39. f3 Rd2 40. Rb8+ Ke7 41. b6 Rb2 42. b7 Kf6 43. f4 g6 44. Kh1 h5 45. gxh5 gxh5 46. Rh8 Rxb7 47. Rxh5 Rb4 48. Kg2 Rxf4 49. Kg3 Rf1 50. Kg4 Ke6 51. Ra5 f5+ 52. Kg3 Kf6 53. Kg2 Rf4 54. Kg3 Rb4 55. Kf2 Kg5 56. Kg3 Rb3+ 57. Kf2 Kg4 58. Ra8 Rb2+ 59. Kg1 f4 60. Rg8+ Kf3 61. Rf8 Rb1+ 62. Kh2 Rf1 63. Rf7 Ra1 64. Rf8 Ra2+ 65. Kg1 Rg2+ 66. Kf1 Rg5 67. Rf7 Kg3 68. Rf8 Ra5 69. Rg8+ Kf3 70. Kg1 Ra1+ 71. Kh2 Kf2 72. Rg2+ Ke3 73. Rg8 f3 74. Re8+ Kf2 75. Rb8 Kf1 76. Rb2 f2 1/2-1/2

[Event "24.Offene Herner Stadtmeisterschaft 2023"]
[Site "?"]
[Date "2023.02.13"]
[Round "3.16"]
[White "Schmidt, Sebastian"]
[Black "Deutschmann, Jürgen"]
[Result "1-0"]
[WhiteElo "1868"]
[BlackElo "1603"]
[PlyCount "63"]
[SourceVersionDate "2023.02.14"]

1. e4 c6 2. Nc3 d5 3. Nf3 Bg4 4. h3 Bxf3 5. Qxf3 d4 6. Ne2 e5 7. Ng3 g6 8. Bc4 Nf6 9. d3 Bg7 10. Bg5 Nbd7 11. a3 O-O 12. h4 b5 13. Ba2 Qa5+ 14. Bd2 Qa6 15. h5 c5 16. hxg6 hxg6 17. Bh6 c4 18. Nf5 gxf5 19. Qh3 Nh7 20. Bxg7 Qg6 21. Bxf8 Ndxf8 22. exf5 Qg5 23. Qf3 Re8 24. Rh5 Qg7 25. O-O-O cxd3 26. Qxd3 Nf6 27. Rh3 Qg5+ 28. Kb1 Nh5 29. Qf3 Ng7 30. Rdh1 Nxf5 31. Rg3 Nxg3 32. Qxf7# 1-0

[Event "24.Offene Herner Stadtmeisterschaft 2023"]
[Site "?"]
[Date "2023.02.13"]
[Round "3.17"]
[White "Westendorp, Christian"]
[Black "Mücke, Lukas Bendedikt"]
[Result "1-0"]
[WhiteElo "1851"]
[BlackElo "1599"]
[PlyCount "55"]
[SourceVersionDate "2023.02.14"]

1. d4 d5 2. c4 c6 3. cxd5 cxd5 4. Bf4 Nf6 5. e3 Nc6 6. Nc3 Bf5 7. Bd3 Bxd3 8. Qxd3 a6 9. h3 e6 10. a3 Bd6 11. Bxd6 Qxd6 12. f4 Na5 13. Na4 Ne4 14. Nf3 Nc4 15. Ne5 b5 16. Nxc4 bxc4 17. Qc2 O-O 18. b4 cxb3 19. Qxb3 Rab8 20. Qd3 Qc6 21. Nc5 Nxc5 22. dxc5 Qxc5 23. O-O Qc4 24. Qxc4 dxc4 25. Rfc1 Rfc8 26. Rc3 Rb3 27. Rac1 Kf8 28. Rxb3 1-0

[Event "24.Offene Herner Stadtmeisterschaft 2023"]
[Site "?"]
[Date "2023.02.13"]
[Round "3.18"]
[White "Löffelbein, Klaus"]
[Black "von Blumenthal, Nikolaus"]
[Result "1-0"]
[WhiteElo "1824"]
[BlackElo "1541"]
[PlyCount "27"]
[SourceVersionDate "2023.02.14"]

1. d4 d5 2. c4 e6 3. Nf3 Nf6 4. Nc3 Be7 5. Bf4 O-O 6. e3 b6 7. Rc1 c6 8. Be2 Nbd7 9. O-O Nh5 10. Be5 Nxe5 11. Nxe5 Nf6 12. Nxc6 Qd7 13. cxd5 Bb4 14. Nxb4 1-0

[Event "24.Offene Herner Stadtmeisterschaft 2023"]
[Site "Herne"]
[Date "2023.02.13"]
[Round "3.19"]
[White "Klein, Andreas"]
[Black "Boost, Jürgen"]
[Result "1-0"]
[WhiteElo "1673"]
[BlackElo "1813"]
[PlyCount "142"]
[SourceDate "2023.02.17"]

1. e4 e5 2. Bc4 Nc6 3. Nf3 Bc5 4. d3 Nf6 5. c3 d6 6. Bb3 a6 7. Nbd2 O-O 8. O-O h6 9. Qe2 Qe7 10. h3 Be6 11. Re1 Bxb3 12. axb3 Nd7 13. Nf1 Qe6 14. b4 Bb6 15. Ng3 Ne7 16. Nh4 Nf6 17. Ngf5 Nxf5 18. Nxf5 Kh7 19. Qf3 Ng8 20. g4 g6 21. Ng3 Ne7 22. Be3 Bxe3 23. Rxe3 f5 24. exf5 gxf5 25. gxf5 Nxf5 26. Nxf5 Qxf5 27. Qxf5+ Rxf5 28. Rf1 Rg8+ 29. Kh2 Rf4 30. Rg3 Rxg3 31. Kxg3 Kg6 32. Re1 h5 33. f3 Rf7 34. Re2 Rg7 35. h4 Kf5+ 36. Kf2 d5 37. Ke3 Rg3 38. Kf2 Rh3 39. d4 exd4 40. cxd4 Rxh4 41. Re5+ Kg6 42. Ke3 Rh2 43. Kf4 Rxb2 44. Re6+ Kf7 45. Kf5 Rf2 46. Rh6 Rxf3+ 47. Ke5 Kg7 48. Rxh5 Rb3 49. Kxd5 Rxb4 50. Rh1 c6+ 51. Kc5 Rb5+ 52. Kc4 Kf6 53. Re1 a5 54. Kc3 Rd5 55. Re8 b5 56. Rc8 Rd6 57. Re8 Re6 58. Ra8 a4 59. Kb4 Kf5 60. Kc5 Ke4 61. d5 cxd5 62. Kxb5 d4 63. Rxa4 Ke3 64. Kc4 Rc6+ 65. Kd5 Rc8 66. Ke5 d3 67. Re4+ Kd2 68. Ra4 Kc2 69. Ra2+ Kb3 70. Rh2 Kc3 71. Ke4 d2 0-1

[Event "24.Offene Herner Stadtmeisterschaft 2023"]
[Site "?"]
[Date "2023.02.13"]
[Round "3.20"]
[White "Kamper, Marco"]
[Black "Bautz, Volker"]
[Result "0-1"]
[WhiteElo "1606"]
[BlackElo "1799"]
[PlyCount "68"]
[SourceVersionDate "2023.02.14"]

1. b4 Nf6 2. Bb2 e6 3. b5 d5 4. Nf3 c5 5. bxc6 Nxc6 6. e3 Bd6 7. Be2 O-O 8. O-O a6 9. c4 dxc4 10. Bxc4 b5 11. Bb3 Bb7 12. d4 Na5 13. Nbd2 Nxb3 14. Nxb3 Rc8 15. Rc1 Qb6 16. Qe2 Bd5 17. Rxc8 Rxc8 18. Rc1 Rc7 19. Nfd2 Rxc1+ 20. Nxc1 Qc6 21. f3 Qc7 22. e4 Bxh2+ 23. Kh1 Nh5 24. Nf1 Bc4 25. Nd3 Bd6 26. e5 Nf4 27. exd6 Qxd6 28. Qe5 Qxe5 29. Nxe5 Bxf1 30. g3 Nd5 31. Kg1 Bc4 32. Nxc4 bxc4 33. Kf2 Nb4 34. Ke3 Nxa2 0-1

[Event "24.Offene Herner Stadtmeisterschaft 2023"]
[Site "Herne"]
[Date "2023.02.13"]
[Round "3.21"]
[White "Schulz, Angelika"]
[Black "Boxberg, Olaf"]
[Result "1-0"]
[WhiteElo "1590"]
[BlackElo "1765"]
[PlyCount "73"]
[SourceDate "2023.02.17"]

1. Nf3 b6 2. c4 Bb7 3. Nc3 e6 4. e4 d5 5. cxd5 exd5 6. Qa4+ Qd7 7. Qxd7+ Nxd7 8. Nxd5 Bxd5 9. exd5 Bc5 10. Bb5 Nf6 11. Ne5 O-O-O 12. Ba6+ Kb8 13. Nc6+ Ka8 14. Nxd8 Re8+ 15. Be2 Rxd8 16. d6 Re8 17. dxc7 Kb7 18. Kf1 Kxc7 19. d3 Nd5 20. Bd2 Ne5 21. Rc1 Kd6 22. a3 a5 23. Rb1 Nc6 24. Bf3 b5 25. Bxd5 Kxd5 26. Re1 Rc8 27. h4 b4 28. axb4 Bxb4 29. Bxb4 Nxb4 30. g4 Kd4 31. Rh3 Rc2 32. Re2 Rc1+ 33. Kg2 Rd1 34. Re4+ Kd5 35. Re7 Rxd3 36. Rxd3+ Nxd3 37. Rxf7 1-0

[Event "24.Offene Herner Stadtmeisterschaft 2023"]
[Site "Herne"]
[Date "2023.02.13"]
[Round "3.22"]
[White "Bauer, Matthias"]
[Black "Kümmel, Hans-Jürgen"]
[Result "1-0"]
[WhiteElo "1695"]
[BlackElo "1329"]
[PlyCount "85"]
[SourceDate "2023.02.17"]

1. e4 d5 2. exd5 Nf6 3. Nc3 Nxd5 4. Bc4 Be6 5. Qf3 c6 6. Nge2 Nd7 7. Nxd5 Bxd5 8. Bxd5 cxd5 9. Qxd5 e6 10. Qxb7 Be7 11. O-O O-O 12. d3 Nc5 13. Qf3 Bf6 14. Qe3 Na4 15. Rb1 Rb8 16. b3 Nc3 17. Nxc3 Bxc3 18. Bb2 Bxb2 19. Rxb2 a5 20. Rfb1 Qd7 21. Qd2 Qd5 22. c4 Qc5 23. b4 axb4 24. Rxb4 Rxb4 25. Qxb4 Qd4 26. Qd2 Rd8 27. a4 e5 28. Qc2 g6 29. g3 Kg7 30. Kg2 h5 31. Rb3 Ra8 32. Ra3 Qc5 33. Qc3 Kh6 34. a5 Ra6 35. Qd2+ Kg7 36. Ra2 Qc6+ 37. f3 Qc5 38. Qc3 Kg8 39. Qa3 Qc7 40. Qa4 Rd6 41. a6 Rxd3 42. a7 e4 43. a8=Q+ 1-0